[Event "SD-2018-0-00295"]
[Site "LSS email"]
[Date "2018.11.09"]
[Round "?"]
[White "Pech, Jaroslav Sr"]
[Black "Schalkwijk, Peter"]
[Result "1-0"]
[WhiteElo "1709"]
[BlackElo "1564"]
[PlyCount "23"]
[EventDate "2018.07.20"]
[EventType "tourn (corr)"]
[EventRounds "6"]
[EventCountry "GER"]
[SourceTitle "Corr 2022"]
[Source "ChessBase"]
[SourceDate "2021.10.24"]
[SourceVersion "1"]
[SourceVersionDate "2021.10.24"]
[SourceQuality "1"]

1. e4 c5 2. Nf3 Nf6 3. e5 Nd5 4. Nc3 Nxc3 5. dxc3 Nc6 6. Bc4 e6 7. 0-0 Be7 8. Re1 0-0 9. Bf4 b6 10. Bd3 h6 11. Qe2 Na5 12. Qe4 1-0

[Event "SD-2018-0-00295"]
[Site "LSS email"]
[Date "2018.11.09"]
[Round "?"]
[White "Schalkwijk, Peter"]
[Black "Sofia, Gerardo"]
[Result "1-0"]
[WhiteElo "1564"]
[BlackElo "1438"]
[PlyCount "21"]
[EventDate "2018.07.20"]
[EventType "tourn (corr)"]
[EventRounds "6"]
[EventCountry "GER"]
[SourceTitle "Corr 2022"]
[Source "ChessBase"]
[SourceDate "2021.10.24"]
[SourceVersion "1"]
[SourceVersionDate "2021.10.24"]
[SourceQuality "1"]

1. g3 Nf6 2. Bg2 e5 3. d3 d5 4. Bg5 Be7 5. Nd2 h6 6. Bxf6 Bxf6 7. c4 Be6 8. Qb3 dxc4 9. Qxb7 c3 10. bxc3 c6 11. Qxa8 1-0

[Event "SD-2018-0-00295"]
[Site "LSS email"]
[Date "2018.11.08"]
[Round "?"]
[White "Schalkwijk, Peter"]
[Black "Trani, Francesco"]
[Result "0-1"]
[WhiteElo "1564"]
[BlackElo "1617"]
[PlyCount "56"]
[EventDate "2018.07.20"]
[EventType "tourn (corr)"]
[EventRounds "6"]
[EventCountry "GER"]
[SourceTitle "Corr 2022"]
[Source "ChessBase"]
[SourceDate "2021.10.24"]
[SourceVersion "1"]
[SourceVersionDate "2021.10.24"]
[SourceQuality "1"]

1. e4 e5 2. f4 exf4 3. Nf3 g5 4. Bc4 g4 5. Ne5 Qh4+ 6. Kf1 f3 7. d4 Nh6 8. Nc3 Nc6 9. Bf4 d6 10. Nxc6 bxc6 11. Qe1 fxg2+ 12. Kxg2 Qh3+ 13. Kg1 Bg7 14. Qd2 0-0 15. Bb3 Rb8 16. Rd1 Kh8 17. Ne2 Ng8 18. Ng3 f5 19. e5 c5 20. Bc4 dxe5 21. dxe5 Bb7 22. Bf1 Qh4 23. Bg2 Bxg2 24. Qxg2 Ne7 25. Be3 f4 26. Bxc5 Rxb2 27. Ne4 Bxe5 28. c3 Rxg2+ 0-1

[Event "RE-2018-0-00200"]
[Site "LSS email"]
[Date "2018.07.15"]
[Round "?"]
[White "Couspeyre, Thierry"]
[Black "Schalkwijk, Peter"]
[Result "1/2-1/2"]
[WhiteElo "1321"]
[BlackElo "1506"]
[PlyCount "40"]
[EventDate "2018.02.08"]
[EventType "tourn (corr)"]
[EventRounds "6"]
[EventCountry "GER"]
[SourceTitle "Corr 2022"]
[Source "ChessBase"]
[SourceDate "2021.10.24"]
[SourceVersion "1"]
[SourceVersionDate "2021.10.24"]
[SourceQuality "1"]

1. d4 d5 2. c4 Nf6 3. cxd5 Nxd5 4. Nf3 g6 5. e4 Nb6 6. Be2 Bg7 7. 0-0 0-0 8. Nc3 Bg4 9. Be3 Nc6 10. d5 Na5 11. Bd4 Bxf3 12. Bxf3 Bxd4 13. Qxd4 Nac4 14. b3 e5 15. Qd3 Nd6 16. Rac1 f5 17. Rfe1 Qg5 18. exf5 gxf5 19. Qe3 Qxe3 20. Rxe3 Rae8 1/2-1/2

[Event "RE-2018-0-00200"]
[Site "LSS email"]
[Date "2018.07.15"]
[Round "?"]
[White "Schalkwijk, Peter"]
[Black "Pliska, Miroslav"]
[Result "1-0"]
[WhiteElo "1506"]
[BlackElo "1190"]
[PlyCount "35"]
[EventDate "2018.02.08"]
[EventType "tourn (corr)"]
[EventRounds "6"]
[EventCountry "GER"]
[SourceTitle "Corr 2022"]
[Source "ChessBase"]
[SourceDate "2021.10.24"]
[SourceVersion "1"]
[SourceVersionDate "2021.10.24"]
[SourceQuality "1"]

1. e4 c5 2. Nc3 Nc6 3. g3 g6 4. Bg2 Bg7 5. d3 d6 6. Be3 b6 7. Nge2 Bb7 8. Qd2 e6 9. d4 Nge7 10. 0-0-0 cxd4 11. Nxd4 Ne5 12. Ndb5 Nc4 13. Qd3 Nxe3 14. Nxd6+ Kf8 15. fxe3 Bc6 16. Rhf1 f6 17. Qc4 Bd7 18. e5 1-0

[Event "OP-2018-0-04515"]
[Site "LSS email"]
[Date "2018.01.20"]
[Round "?"]
[White "Schalkwijk, Peter"]
[Black "Czaban, Tomasz"]
[Result "1-0"]
[WhiteElo "1503"]
[BlackElo "557"]
[PlyCount "39"]
[EventDate "2018.01.11"]
[EventType "tourn (corr)"]
[EventRounds "4"]
[EventCountry "GER"]
[SourceTitle "Corr 2022"]
[Source "ChessBase"]
[SourceDate "2021.10.24"]
[SourceVersion "1"]
[SourceVersionDate "2021.10.24"]
[SourceQuality "1"]

1. e4 e6 2. d4 d5 3. Nc3 dxe4 4. Nxe4 Nf6 5. Bg5 Be7 6. Bxf6 Bxf6 7. Nxf6+ Qxf6 8. Nf3 0-0 9. Bd3 Nc6 10. 0-0 Bd7 11. c3 a6 12. Qc2 h6 13. Rfe1 Rfe8 14. Re3 Qf4 15. Nd2 Ne7 16. Bh7+ Kf8 17. Rf3 Qd6 18. Nc4 Qc6 19. Ne5 Qd6 20. Rxf7# 1-0

[Event "RE-2017-0-00191"]
[Site "LSS email"]
[Date "2017.08.28"]
[Round "?"]
[White "Schalkwijk, Peter"]
[Black "Cabrera Trujillo, Claudio Tomas"]
[Result "1/2-1/2"]
[WhiteElo "1425"]
[BlackElo "1300"]
[PlyCount "119"]
[EventDate "2017.05.28"]
[EventType "tourn (corr)"]
[EventRounds "6"]
[EventCountry "GER"]
[SourceTitle "Corr 2022"]
[Source "ChessBase"]
[SourceDate "2021.10.24"]
[SourceVersion "1"]
[SourceVersionDate "2021.10.24"]
[SourceQuality "1"]

1. d4 Nf6 2. c4 e6 3. Nc3 Bb4 4. h4 0-0 5. Bg5 h6 6. Bd2 c5 7. a3 Bxc3 8. Bxc3 Ne4 9. Nf3 Nxc3 10. bxc3 d5 11. e3 Nc6 12. Bd3 cxd4 13. cxd4 dxc4 14. Bxc4 e5 15. d5 Na5 16. Ba2 Re8 17. Rc1 b6 18. e4 Bg4 19. Qd3 Qf6 20. Nd2 Rac8 21. 0-0 Qxh4 22. d6 Red8 23. f3 Bd7 24. Rc7 Qf6 25. Nb3 Nc6 26. Rc1 Nd4 27. Nxd4 exd4 28. Qc4 Qxd6 29. Qxf7+ Kh8 30. Rxc8 Bxc8 31. Qc7 Qxc7 32. Rxc7 d3 33. Kf2 d2 34. Bb3 Kh7 35. Bd1 a5 36. Rc6 b5 37. Ke3 b4 38. axb4 axb4 39. Rb6 h5 40. Rxb4 Ba6 41. Rb6 Rd3+ 42. Kf2 Bc4 43. Rc6 Rd4 44. e5 Bb5 45. Rb6 Rd5 46. f4 g5 47. Ke3 gxf4+ 48. Ke4 Rc5 49. Rd6 Rc1 50. Rxd2 Kg6 51. Kxf4 Rc4+ 52. Ke3 Kf5 53. Bxh5 Kxe5 54. Rb2 Re4+ 55. Kf2 Rf4+ 56. Kg3 Bf1 57. Bf3 Rd4 58. Rb1 Bc4 59. Re1+ Kf6 60. Re8 1/2-1/2

[Event "RE-2017-0-00191"]
[Site "LSS email"]
[Date "2017.08.28"]
[Round "?"]
[White "Schalkwijk, Peter"]
[Black "Trzebiatowski, Krzysztof"]
[Result "1/2-1/2"]
[WhiteElo "1425"]
[BlackElo "2061"]
[PlyCount "59"]
[EventDate "2017.05.28"]
[EventType "tourn (corr)"]
[EventRounds "6"]
[EventCountry "GER"]
[SourceTitle "Corr 2022"]
[Source "ChessBase"]
[SourceDate "2021.10.24"]
[SourceVersion "1"]
[SourceVersionDate "2021.10.24"]
[SourceQuality "1"]

1. e4 c5 2. Nc3 a6 3. g3 b5 4. Bg2 Bb7 5. d3 e6 6. Bf4 Ne7 7. Qd2 Ng6 8. Nf3 Nxf4 9. Qxf4 Be7 10. 0-0 0-0 11. a3 Nc6 12. Rfe1 h6 13. Ne2 d6 14. Qe3 Qb6 15. c3 Rad8 16. b4 Ne5 17. Nxe5 dxe5 18. Nc1 Rd7 19. Nb3 Rc8 20. Rac1 Bg5 21. f4 Be7 22. Red1 Ba8 23. c4 Rdd8 24. cxb5 exf4 25. gxf4 e5 26. Nxc5 exf4 27. Qf2 Qxb5 28. d4 a5 29. Rb1 Rc6 30. Qxf4 1/2-1/2

[Event "SE-2017-0-00251"]
[Site "LSS email"]
[Date "2017.06.07"]
[Round "?"]
[White "Nemeth, Laszlo"]
[Black "Schalkwijk, Peter"]
[Result "1-0"]
[WhiteElo "1268"]
[BlackElo "1426"]
[PlyCount "85"]
[EventDate "2017.03.14"]
[EventType "tourn (corr)"]
[EventRounds "6"]
[EventCountry "GER"]
[SourceTitle "Corr 2022"]
[Source "ChessBase"]
[SourceDate "2021.10.24"]
[SourceVersion "1"]
[SourceVersionDate "2021.10.24"]
[SourceQuality "1"]

1. d4 Nf6 2. c4 c5 3. d5 b5 4. cxb5 a6 5. bxa6 Bxa6 6. Nc3 d6 7. Nf3 g6 8. e4 Bxf1 9. Kxf1 Nfd7 10. h4 h5 11. g3 Bg7 12. Kg2 Ne5 13. Nxe5 Bxe5 14. Qe2 Nd7 15. a4 0-0 16. Nb5 Bg7 17. Ra2 Nb6 18. Qc2 Nd7 19. b3 Ne5 20. Qe2 Qd7 21. Bf4 Ra5 22. Bd2 Ra6 23. Bc3 Rb8 24. Bxe5 Bxe5 25. f4 Bg7 26. Rd2 Rab6 27. e5 Rxb5 28. axb5 Rxb5 29. Re1 Rxb3 30. exd6 exd6 31. Qe8+ Qxe8 32. Rxe8+ Kh7 33. Rd8 Rb6 34. Rd7 Kg8 35. Ra2 Bd4 36. Ra8+ Kg7 37. Raa7 c4 38. Rxf7+ Kg8 39. Rac7 Rb8 40. Rfd7 Bc5 41. Kf3 Kf8 42. Rf7+ Ke8 43. Rh7 1-0

[Event "SE-2017-0-00251"]
[Site "LSS email"]
[Date "2017.06.01"]
[Round "?"]
[White "Chura, Michal"]
[Black "Schalkwijk, Peter"]
[Result "0-1"]
[WhiteElo "1230"]
[BlackElo "1426"]
[PlyCount "30"]
[EventDate "2017.03.14"]
[EventType "tourn (corr)"]
[EventRounds "6"]
[EventCountry "GER"]
[SourceTitle "Corr 2022"]
[Source "ChessBase"]
[SourceDate "2021.10.24"]
[SourceVersion "1"]
[SourceVersionDate "2021.10.24"]
[SourceQuality "1"]

1. f4 Nf6 2. Nf3 g6 3. b3 Bg7 4. Bb2 0-0 5. e3 c5 6. Be2 Nc6 7. 0-0 d6 8. Nc3 a6 9. Nh4 b5 10. d3 Bb7 11. a3 Nd5 12. Qd2 Nxe3 13. Rf3 Nd5 14. Raf1 e6 15. Rh3 Qa5 0-1

[Event "SE-2017-0-00251"]
[Site "LSS email"]
[Date "2017.05.18"]
[Round "?"]
[White "Schalkwijk, Peter"]
[Black "Shim Ng Min, Francis"]
[Result "1-0"]
[WhiteElo "1426"]
[BlackElo "1277"]
[PlyCount "49"]
[EventDate "2017.03.14"]
[EventType "tourn (corr)"]
[EventRounds "6"]
[EventCountry "GER"]
[SourceTitle "Corr 2022"]
[Source "ChessBase"]
[SourceDate "2021.10.24"]
[SourceVersion "1"]
[SourceVersionDate "2021.10.24"]
[SourceQuality "1"]

1. e4 c5 2. Nf3 d6 3. d4 cxd4 4. c3 d3 5. Bxd3 Nf6 6. Bc4 e6 7. Qe2 Be7 8. 0-0 0-0 9. Rd1 Qc7 10. Bb3 Nc6 11. Na3 a6 12. Bf4 e5 13. Bg5 Bg4 14. h3 Bh5 15. Nc4 Rfd8 16. Ne3 Rd7 17. Nf5 h6 18. Nxe7+ Nxe7 19. Bxf6 gxf6 20. Rd2 Ng6 21. Qe3 Bxf3 22. Qxf3 Kg7 23. Rd3 Nf4 24. Qg4+ Kh7 25. Rg3 1-0

[Event "SE-2017-0-00248"]
[Site "LSS email"]
[Date "2017.03.26"]
[Round "?"]
[White "Casser, Aaron"]
[Black "Schalkwijk, Peter"]
[Result "0-1"]
[WhiteElo "1491"]
[BlackElo "1411"]
[PlyCount "120"]
[EventDate "2017.01.25"]
[EventType "tourn (corr)"]
[EventRounds "6"]
[EventCountry "GER"]
[SourceTitle "Corr 2022"]
[Source "ChessBase"]
[SourceDate "2021.10.24"]
[SourceVersion "1"]
[SourceVersionDate "2021.10.24"]
[SourceQuality "1"]

1. e4 g6 2. d4 Bg7 3. Nf3 d6 4. Nc3 Nf6 5. Be2 0-0 6. 0-0 Bg4 7. Be3 c6 8. h3 Bxf3 9. Bxf3 Nbd7 10. Qd2 Nb6 11. Be2 Re8 12. f4 e5 13. dxe5 dxe5 14. f5 Qxd2 15. Bxd2 Nh5 16. fxg6 hxg6 17. Bxh5 gxh5 18. Bg5 Bf8 19. Rad1 Bc5+ 20. Kh2 Re6 21. Ne2 Rg6 22. h4 Rf8 23. Ng3 f6 24. Bc1 Kf7 25. Nxh5 Rh8 26. Rf5 Nc8 27. Rdf1 Be7 28. Kh3 Ke6 29. Be3 Nd6 30. Ng3 Kd7 31. Rd1 Kc7 32. a4 a5 33. b3 Rg7 34. Rxd6 Kxd6 35. h5 Ke6 36. h6 Rgg8 37. Rh5 b5 38. Nf5 bxa4 39. bxa4 Rb8 40. Bd2 Rb2 41. Bxa5 Rxc2 42. Bc7 Rc4 43. a5 Rxe4 44. Nxe7 Kxe7 45. Kg3 Rg8+ 46. Kf2 Rf4+ 47. Kg1 Kf7 48. Bb6 Kg6 49. Rh3 Ra4 50. h7 Rh8 51. Rc3 Rxh7 52. Rxc6 Kf5 53. Rc2 Ke4 54. Kf2 f5 55. Re2+ Kd5 56. Rd2+ Ke6 57. Rb2 f4 58. Rc2 e4 59. Rb2 Rg7 60. Rc2 e3+ 0-1

[Event "SE-2017-0-00248"]
[Site "LSS email"]
[Date "2017.03.21"]
[Round "?"]
[White "Grimm, Wolfgang"]
[Black "Schalkwijk, Peter"]
[Result "1-0"]
[WhiteElo "1386"]
[BlackElo "1411"]
[PlyCount "47"]
[EventDate "2017.01.25"]
[EventType "tourn (corr)"]
[EventRounds "6"]
[EventCountry "GER"]
[SourceTitle "Corr 2022"]
[Source "ChessBase"]
[SourceDate "2021.10.24"]
[SourceVersion "1"]
[SourceVersionDate "2021.10.24"]
[SourceQuality "1"]

1. Nf3 c5 2. Nc3 d5 3. d4 e6 4. e4 Nc6 5. exd5 exd5 6. Bb5 c4 7. Qe2+ Be7 8. Ne5 Bd7 9. 0-0 Nf6 10. Bxc6 bxc6 11. Re1 0-0 12. Nxc6 Bxc6 13. Qxe7 Qb6 14. Qd6 Rfe8 15. Re3 Ng4 16. Nxd5 Bxd5 17. Qxd5 Nxe3 18. fxe3 Qb4 19. Qf3 Rab8 20. c3 Qa4 21. e4 f6 22. Qh5 Rxe4 23. Qd5+ Kf8 24. Qxe4 1-0

[Event "OP-2017-0-04304"]
[Site "LSS email"]
[Date "2017.03.20"]
[Round "?"]
[White "Schalkwijk, Peter"]
[Black "Czaban, Tomasz"]
[Result "1-0"]
[WhiteElo "1426"]
[BlackElo "603"]
[PlyCount "45"]
[EventDate "2017.03.13"]
[EventType "tourn (corr)"]
[EventRounds "4"]
[EventCountry "GER"]
[SourceTitle "Corr 2022"]
[Source "ChessBase"]
[SourceDate "2021.10.24"]
[SourceVersion "1"]
[SourceVersionDate "2021.10.24"]
[SourceQuality "1"]

1. e4 e6 2. d4 d5 3. Nc3 dxe4 4. Nxe4 Nf6 5. Bg5 Be7 6. Nxf6+ Bxf6 7. Bxf6 Qxf6 8. Nf3 0-0 9. Bd3 Nc6 10. 0-0 Rd8 11. c3 b6 12. Qc2 Bb7 13. Bxh7+ Kh8 14. Be4 g6 15. Ne5 Nxe5 16. Bxb7 Rab8 17. dxe5 Qe7 18. Bf3 Qh4 19. Rad1 Kg7 20. Qe4 Rh8 21. Qxh4 Rxh4 22. b3 c5 23. Rd7 1-0

[Event "SE-2016-0-00231"]
[Site "LSS email"]
[Date "2016.07.25"]
[Round "?"]
[White "Vio, Mauro"]
[Black "Schalkwijk, Peter"]
[Result "1-0"]
[WhiteElo "1369"]
[BlackElo "1543"]
[PlyCount "35"]
[EventDate "2016.05.29"]
[EventType "tourn (corr)"]
[EventRounds "6"]
[EventCountry "GER"]
[SourceTitle "Corr 2022"]
[Source "ChessBase"]
[SourceDate "2021.10.24"]
[SourceVersion "1"]
[SourceVersionDate "2021.10.24"]
[SourceQuality "1"]

1. d4 d5 2. Nc3 c6 3. e4 dxe4 4. Nxe4 Nf6 5. Nxf6+ exf6 6. Nf3 Be7 7. Bd3 Bg4 8. 0-0 Bxf3 9. Qxf3 Qxd4 10. Rd1 Qb4 11. c3 Qb6 12. Qg4 Nd7 13. Bf5 Ne5 14. Qxg7 Rf8 15. Re1 Rd8 16. Bg5 Rd6 17. Rxe5 fxe5 18. Bxe7 1-0

[Event "RE-2016-0-00173"]
[Site "LSS email"]
[Date "2016.07.12"]
[Round "?"]
[White "Rocek, Vladimir"]
[Black "Schalkwijk, Peter"]
[Result "0-1"]
[WhiteElo "1191"]
[BlackElo "1553"]
[PlyCount "58"]
[EventDate "2016.05.12"]
[EventType "tourn (corr)"]
[EventRounds "6"]
[EventCountry "GER"]
[SourceTitle "Corr 2022"]
[Source "ChessBase"]
[SourceDate "2021.10.24"]
[SourceVersion "1"]
[SourceVersionDate "2021.10.24"]
[SourceQuality "1"]

1. e4 Nf6 2. Nc3 d6 3. d4 g6 4. Be3 Bg7 5. f3 c6 6. Nge2 b5 7. Ng3 Nbd7 8. Nce2 Nb6 9. Nf4 Bb7 10. Bd3 Qc7 11. 0-0 0-0-0 12. c3 e5 13. Nfe2 Nfd7 14. Rc1 h5 15. d5 cxd5 16. Bxb5 h4 17. Nf5 gxf5 18. Qd3 Nc5 19. Qb1 f4 20. Bf2 dxe4 21. b4 exf3 22. gxf3 Rh5 23. Be1 Rg5+ 24. Kf2 a6 25. Bd3 Qc6 26. Be4 d5 27. Bf5+ Kb8 28. Bd2 Ne4+ 29. fxe4 dxe4 0-1

[Event "RE-2016-0-00173"]
[Site "LSS email"]
[Date "2016.07.12"]
[Round "?"]
[White "Schalkwijk, Peter"]
[Black "Shim Ng Min, Francis"]
[Result "1-0"]
[WhiteElo "1553"]
[BlackElo "1289"]
[PlyCount "52"]
[EventDate "2016.05.12"]
[EventType "tourn (corr)"]
[EventRounds "6"]
[EventCountry "GER"]
[SourceTitle "Corr 2022"]
[Source "ChessBase"]
[SourceDate "2021.10.24"]
[SourceVersion "1"]
[SourceVersionDate "2021.10.24"]
[SourceQuality "1"]

1. d4 Nf6 2. Nf3 d5 3. e3 e6 4. Bd3 Be7 5. Nbd2 0-0 6. 0-0 c5 7. dxc5 Bxc5 8. Nb3 Be7 9. c3 Nc6 10. Qe2 e5 11. e4 Bg4 12. h3 Bxf3 13. gxf3 d4 14. f4 exf4 15. Bxf4 dxc3 16. bxc3 Qd7 17. Kh2 Rfd8 18. Bc2 Qe6 19. Rad1 Rxd1 20. Rxd1 Rd8 21. Rxd8+ Bxd8 22. e5 Nd5 23. Bg3 Nxc3 24. Qd3 Nd5 25. Qxh7+ Kf8 26. Qh8+ Ke7 1-0